[Event "NLD-ch"]
[Site "NLD"]
[Date "1991.??.??"]
[Round "7"]
[White "Brenninkmeijer, Joris"]
[Black "Van Mil, Johannes A J"]
[Result "1/2-1/2"]
[WhiteElo "2525"]
[BlackElo "2415"]

1.d4 Nf6 2.c4 g6 3.Nc3 d5 4.cxd5 Nxd5 5.e4 Nxc3 6.bxc3 Bg7 7.Nf3 c5 8.Rb1 O-O
9.Be2 cxd4 10.cxd4 Qa5+ 11.Bd2 Qxa2 12.O-O Nd7 13.Bb4 a5 14.Ra1 Qe6 15.Qc2 Nf6
16.Bd3 Nh5 17.Rfd1 Nf4 18.Bf1 b6 19.d5 Qg4 20.Nd4 Ba6 21.f3 Qg5 22.Bxa6 axb4
23.g3 b3 24.Qb2 b5 25.Kh1 Nxd5 26.exd5 Qxd5 27.Qxb3 Qxb3 28.Nxb3 Bxa1 29.Rxa1 Rfb8
30.Nc5 Rb6 31.Rb1 Rbxa6 32.Nxa6 Rxa6 33.Rxb5 Ra2 34.Kg1 f6 35.h4 Kf7 36.Rb6 h6
37.Kf1 Rh2 38.Kg1 Re2 39.Kf1 Rd2 40.Ra6 Rb2 41.Kg1 h5 42.Kf1 Rd2 43.Rb6 e5
44.Ra6 Ke7 45.Rb6 Rd6 46.Rb7+ Rd7 47.Rb6 Kf7 48.Ra6 f5 49.Kf2 Re7 50.Rb6 Re6
51.Rb8 Ra6 52.Rc8 Ra2+ 53.Kf1 Ra6 54.Kf2 Rb6 55.Ra8 Rc6 56.Rb8 Rc2+ 57.Kf1 Rc6
58.Kf2 Ke6 59.Rg8 Kd5 60.Rd8+ Rd6 61.Ra8 Ke6 62.Re8+ Kf6 63.Rf8+ Ke7 64.Ra8 Kf7
65.Ke2 Rd4 66.Ra7+ Ke6 67.Ra6+ Rd6 68.Ra8 e4 69.Ra3 Ke5 70.Ke3 Rd5 71.Rc3 Rb5
72.Ra3 Rc5 73.Rb3 Ra5 74.Rc3 Kd5 75.fxe4+ fxe4 76.Rb3 Ke5 77.Rc3 Kf5 78.Rc6 Rd5
79.Ra6 Rd3+ 80.Kf2 Rd5 81.Ke3 Rb5 82.Rc6 Rb3+ 83.Kf2 Rf3+ 84.Kg2 Ke5 85.Rxg6 Rf6
86.Rg8 e3 87.Re8+ Kd4 88.g4 hxg4 89.Kg3 Kd3 90.Kxg4 e2 91.h5 Rf1 92.h6 e1=Q
93.Rxe1 Rxe1 94.Kf5 Rh1 95.Kg6 Ke4 96.h7 Ke5 97.Kg7 Ke6 98.h8=Q Rxh8 99.Kxh8  1/2-1/2

[Event "Oberwart op"]
[Site "Oberwart"]
[Date "1991.??.??"]
[Round "?"]
[White "Lazarev, Vladimir"]
[Black "Ernst, Thomas"]
[Result "1/2-1/2"]
[WhiteElo "2440"]
[BlackElo "2525"]

1.d4 Nf6 2.c4 g6 3.Nc3 d5 4.cxd5 Nxd5 5.e4 Nxc3 6.bxc3 Bg7 7.Be3 c5 8.Qd2 Qa5
9.Rc1 cxd4 10.cxd4 Qxd2+ 11.Bxd2 O-O 12.Nf3 e6 13.Bb5 Nc6 14.Bxc6 bxc6 15.Ne5 Bb7
16.Bb4 Rfd8 17.Bc5 f6 18.Nc4 Ba6 19.Na5 Rac8 20.f3 Bh6 21.Rc2 Be3 22.Nb3 f5
23.e5 Bb5 24.Rc3 f4 25.g3 g5 26.h4 a5 27.hxg5 a4 28.Nd2 Bxd4 29.Bxd4 Rxd4
30.Ne4 fxg3 31.Rg1 Rb4 32.Rxg3 Rb2 33.a3 Re2+ 34.Kd1 Rd8+ 35.Kc1 Re1+ 36.Kc2 Rdd1
37.g6 hxg6 38.Rxg6+ Kf7 39.Rf6+ Ke7 40.Nc5 Rc1+ 41.Kb2 Rxc3 42.Rxe6+ Kd8
43.Rd6+ Kc8 44.Kxc3 Rc1+ 45.Kb4 Rc4+ 46.Ka5 Rxc5 47.e6 Be2+ 48.Kb6 Rb5+ 49.Kxc6 Rf5
50.e7 Bb5+ 51.Kb6 Bd7 52.Re6 Be8 53.Rd6 Bd7 54.Re6  1/2-1/2

[Event "Oberwart op"]
[Site "Oberwart"]
[Date "1991.??.??"]
[Round "?"]
[White "Timoshchenko, Gennadi A"]
[Black "Zakic, Srdjan"]
[Result "1-0"]
[WhiteElo "2505"]
[BlackElo "2345"]

1.d4 Nf6 2.c4 g6 3.Nc3 d5 4.cxd5 Nxd5 5.e4 Nxc3 6.bxc3 Bg7 7.Bc4 c5 8.Ne2 O-O
9.O-O Nc6 10.Be3 cxd4 11.cxd4 Na5 12.Bd3 Nc6 13.Bb5 Bd7 14.Rb1 e6 15.Qd2 a6
16.Bd3 b5 17.Bh6 Qb6 18.Bxg7 Kxg7 19.Qb2 Rfe8 20.d5+  1-0

[Event "Scandic Cup"]
[Site "Odense"]
[Date "1991.??.??"]
[Round "4"]
[White "Pedersen, Steffen"]
[Black "Jasnikowski, Zbigniew"]
[Result "1-0"]
[WhiteElo "2200"]
[BlackElo "2435"]

1.d4 Nf6 2.c4 g6 3.Nc3 d5 4.cxd5 Nxd5 5.e4 Nxc3 6.bxc3 Bg7 7.Bc4 c5 8.Ne2 O-O
9.Be3 Nc6 10.Rc1 Bg4 11.f3 Na5 12.Bd3 Bd7 13.O-O Rc8 14.Qd2 e5 15.Bh6 Bxh6
16.Qxh6 cxd4 17.cxd4 exd4 18.Nf4 Rc3 19.e5 Qe7 20.Rce1 f5 21.exf6 Qxf6 22.Nd5 Qg7
23.Qxg7+ Kxg7 24.Re7+ Rf7 25.Rxf7+ Kxf7 26.Nxc3 dxc3 27.Rc1  1-0

[Event "URS Army-ch"]
[Site "Odessa"]
[Date "1991.??.??"]
[Round "?"]
[White "Nenashev, Alexander"]
[Black "Karasev, Vladimir I"]
[Result "1-0"]
[WhiteElo "2415"]
[BlackElo "2365"]

1.d4 Nf6 2.c4 g6 3.Nc3 d5 4.cxd5 Nxd5 5.e4 Nxc3 6.bxc3 Bg7 7.Bc4 O-O 8.Ne2 Qd7
9.Be3 Qg4 10.Qc2 c5 11.h3 Qxg2 12.O-O-O cxd4 13.cxd4 Qf3 14.Nf4 Bd7 15.Be2 Qxh1
16.Rxh1 Rc8 17.Bc4 b5 18.Bd5 Rxc2+ 19.Kxc2 Nc6 20.Bxc6 Bxc6 21.d5 Bd7 22.Nd3 Rc8+
23.Nc5 Bh6 24.Bxh6 Rxc5+ 25.Kd3 b4 26.Kd4 Rc3 27.h4 a5 28.e5 Bf5 29.d6 exd6
30.exd6 Rd3+ 31.Kc5 Be4 32.f3 Rd5+ 33.Kc4 Bxf3 34.Re1 f6 35.Re8+  1-0

[Event "URS Army-ch"]
[Site "Odessa"]
[Date "1991.??.??"]
[Round "?"]
[White "Savchenko, Stanislav"]
[Black "Odeev, Handszar"]
[Result "1/2-1/2"]
[WhiteElo "2475"]
[BlackElo "2315"]

1.d4 Nf6 2.c4 g6 3.Nc3 d5 4.cxd5 Nxd5 5.e4 Nxc3 6.bxc3 Bg7 7.Bb5+ c6 8.Ba4 O-O
9.Ne2 e5 10.O-O Qh4 11.f4 exd4 12.cxd4 Bg4 13.Be3 Qh5 14.Rf2 c5 15.e5 cxd4
16.Bxd4 Rd8 17.h3 Bxe2 18.Rxe2 Rxd4 19.Qxd4 Qxe2 20.Qd8+ Bf8 21.Bb3 Qe3+
22.Kh1 Qxf4 23.Qc8 a5 24.Qxb7 Ra6 25.Qxb8 Rc6 26.Qb7  1/2-1/2

[Event "URS Army-ch"]
[Site "Odessa"]
[Date "1991.??.??"]
[Round "?"]
[White "Nenashev, Alexander"]
[Black "Gogichaishvili, Giorgi"]
[Result "1-0"]
[WhiteElo "2415"]
[BlackElo "2380"]

1.d4 Nf6 2.c4 g6 3.Nc3 d5 4.cxd5 Nxd5 5.e4 Nxc3 6.bxc3 Bg7 7.Bc4 c5 8.Ne2 O-O
9.O-O Nc6 10.Be3 Bd7 11.Rb1 Na5 12.Bd3 cxd4 13.cxd4 b6 14.Qd2 Rc8 15.Rfc1 e5
16.Bg5 Rxc1+ 17.Rxc1 Qb8 18.Nc3 exd4 19.Nd5 Be6 20.Nf6+ Kh8 21.f4 Rc8 22.Rd1 Nc4
23.Qf2 Ne3 24.Qh4 h5 25.e5 Qb7 26.Be4 Qxe4 27.Nxe4 Nxd1 28.f5 Bd5 29.Nf6 Ne3
30.Qxd4 Rc1+ 31.Kf2 Nd1+ 32.Ke1 Ne3+ 33.Ke2 Re1+ 34.Kf2  1-0

[Event "Oostende op"]
[Site "Oostende"]
[Date "1991.??.??"]
[Round "6"]
[White "Timoshchenko, Gennadi A"]
[Black "Peek, Marcel"]
[Result "1-0"]
[WhiteElo "2505"]
[BlackElo "2345"]

1.d4 Nf6 2.c4 g6 3.Nc3 d5 4.cxd5 Nxd5 5.e4 Nxc3 6.bxc3 Bg7 7.Bc4 O-O 8.Ne2 b6
9.O-O Bb7 10.e5 e6 11.Nf4 Ba6 12.Bxa6 Nxa6 13.Qd3 Qc8 14.Qg3 Qd7 15.h4 c5
16.Be3 cxd4 17.cxd4 Nb4 18.h5 Rfc8 19.hxg6 fxg6 20.Qh3 Rc6 21.Rac1 Rxc1 22.Rxc1 Re8
23.a3 Nd5 24.Nxd5 Qxd5 25.Rc7 a5 26.Bh6 Bh8 27.Bg5 h5 28.Qd3  1-0

[Event "Oslo Cup"]
[Site "Oslo"]
[Date "1991.??.??"]
[Round "5"]
[White "Tisdall, Jonathan D"]
[Black "Ostenstad, Berge"]
[Result "0-1"]
[WhiteElo "2435"]
[BlackElo "2500"]

1.d4 Nf6 2.c4 g6 3.Nc3 d5 4.cxd5 Nxd5 5.e4 Nxc3 6.bxc3 Bg7 7.Bc4 O-O 8.Ne2 c5
9.Be3 Nc6 10.Rc1 cxd4 11.cxd4 Qa5+ 12.Kf1 Bd7 13.h4 Rfc8 14.h5 e5 15.hxg6 hxg6
16.Bd2 Qa3 17.Rc3 Qe7 18.Rf3 Nd8 19.Qb3 Rxc4 20.Qxc4 Rc8 21.Qd3 exd4 22.Bh6 Qb4
23.Bxg7 Kxg7 24.a3 Qb2 25.Kg1 Bg4 26.Nxd4 Bxf3 27.gxf3 Qc1+ 28.Kg2 Qg5+ 29.Kh2 Nc6  0-1

[Event "Osuna op"]
[Site "Osuna"]
[Date "1991.??.??"]
[Round "?"]
[White "Campos Moreno, Javier B"]
[Black "Tukmakov, Vladimir B"]
[Result "1/2-1/2"]
[WhiteElo "2480"]
[BlackElo "2520"]

1.d4 Nf6 2.c4 g6 3.Nc3 d5 4.cxd5 Nxd5 5.e4 Nxc3 6.bxc3 Bg7 7.Bc4 O-O 8.Ne2 Nc6
9.O-O e5 10.Ba3 Re8 11.Bxf7+ Kxf7 12.Qb3+ Be6 13.d5 Na5 14.dxe6+ Rxe6 15.Qa4 c6
16.Rad1 Qc7 17.c4 Kg8 18.Nc1 Bf8 19.Bxf8 Rxf8 20.Nb3 Nxb3 21.axb3 b6 22.Rd2 Qe7
23.b4 Rf7 24.Rfd1 Ref6 25.Qb3 Rf4 26.Re2 g5 27.Qc3 g4 28.Rd3 a5 29.bxa5 Qc5
30.Qd2 bxa5 31.g3 R4f6 32.Rd8+ Kg7 33.Ra8 Rd6 34.Qg5+ Rg6 35.Qe3 Qxe3 36.Rxe3 Rd6
37.Kf1  1/2-1/2

[Event "Oviedo rapid"]
[Site "Oviedo"]
[Date "1991.??.??"]
[Round "3"]
[White "Epishin, Vladimir"]
[Black "Santos, Jose P"]
[Result "1-0"]
[WhiteElo "2620"]
[BlackElo "2380"]

1.d4 Nf6 2.c4 g6 3.Nc3 d5 4.cxd5 Nxd5 5.e4 Nxc3 6.bxc3 Bg7 7.Be3 c5 8.Qd2 Qa5
9.Rb1 cxd4 10.cxd4 Qxd2+ 11.Kxd2 O-O 12.Nf3 e6 13.Bd3 Nc6 14.Rhc1 Rd8 15.Rc4 Na5
16.Rc7 Bd7 17.Rc5 b6 18.Rc7 Bc6 19.Ke2 Rdc8 20.Rxc8+ Rxc8 21.Bd2 Nb7 22.Bb4 Bf8
23.Ne5 Be8 24.Ng4 Kg7 25.Bxf8+ Kxf8 26.Nf6 h5 27.Ba6 Rc7 28.Bxb7 Rxb7 29.Rc1 Ke7
30.e5 Bd7 31.h4 Kd8 32.f3 Rc7 33.Rxc7 Kxc7 34.g4 Bb5+ 35.Ke3 hxg4 36.fxg4 Kd8
37.h5 gxh5 38.gxh5 Ke7 39.Nh7 Bc4 40.a3 b5 41.h6 a5 42.Kd2 b4 43.axb4 axb4
44.Kc2 Bd5 45.Kb2 Bc4 46.Kc2 Bd5 47.Nf6  1-0

[Event "Oviedo rapid"]
[Site "Oviedo"]
[Date "1991.??.??"]
[Round "7"]
[White "Cramling, Pia"]
[Black "Santos, Jose P"]
[Result "1-0"]
[WhiteElo "2470"]
[BlackElo "2380"]

1.d4 Nf6 2.c4 g6 3.Nc3 d5 4.cxd5 Nxd5 5.e4 Nxc3 6.bxc3 Bg7 7.Bc4 O-O 8.Ne2 Nc6
9.Bg5 Na5 10.Bd3 c5 11.Rc1 Qd7 12.O-O b6 13.Qd2 Bb7 14.d5 c4 15.Bc2 e6 16.Rcd1 exd5
17.exd5 Rfe8 18.Ng3 Re5 19.Be4 Rae8 20.Bf3 f5 21.Ne2 Ba8 22.Bf4 R5e7 23.Nd4 Bxd5
24.Nxf5 Qxf5 25.Bxd5+ Kh8 26.Bf3 Rf7 27.Be3 Be5 28.Rfe1 Bf6 29.Bh6 Rxe1+
30.Rxe1 Bg7 31.Re8+ Rf8 32.Bxg7+ Kxg7 33.Re7+ Rf7 34.Qd4+ Qf6 35.Rxf7+ Kxf7
36.Bd5+ Ke7 37.Qxf6+ Kxf6 38.f4 g5 39.fxg5+ Kxg5 40.Kf2 Kf4 41.g3+ Ke5 42.Bf3  1-0

[Event "Palma de Mallorca op"]
[Site "Palma de Mallorca"]
[Date "1991.??.??"]
[Round "?"]
[White "Razuvaev, Yuri S"]
[Black "De la Villa Garcia, Jesus Maria"]
[Result "1-0"]
[WhiteElo "2585"]
[BlackElo "2475"]

1.d4 Nf6 2.c4 g6 3.Nc3 d5 4.cxd5 Nxd5 5.e4 Nxc3 6.bxc3 Bg7 7.Bc4 c5 8.Ne2 Nc6
9.Be3 O-O 10.O-O Bd7 11.Rb1 Rc8 12.Bd3 e5 13.d5 Na5 14.Qd2 Qc7 15.f4 f5 16.Ng3 fxe4
17.Nxe4 b6 18.d6 Qc6 19.fxe5 Bxe5 20.Bh6 Rf5 21.g4 Rxf1+ 22.Rxf1 Qd5 23.Qf2 Bf5
24.gxf5 Qxd3 25.fxg6 hxg6 26.Qf7+ Kh8 27.Nf6  1-0

[Event "Pamplona op"]
[Site "Pamplona"]
[Date "1991.??.??"]
[Round "?"]
[White "Arencibia, Walter"]
[Black "Doncevic, Dario"]
[Result "1/2-1/2"]
[WhiteElo "2530"]
[BlackElo "2345"]

1.d4 Nf6 2.c4 g6 3.Nc3 d5 4.cxd5 Nxd5 5.e4 Nxc3 6.bxc3 Bg7 7.Qa4+ Qd7 8.Qxd7+ Bxd7
9.Ba3 Ba4 10.Nf3 Nd7 11.Bc4 c5 12.Bd5 Rb8 13.Rb1 e6 14.Bb3 Bxb3 15.Rxb3 O-O
16.Ke2 Rfc8 17.Rd1 b6 18.e5 cxd4 19.cxd4 Rc2+ 20.Rd2 Rc4 21.Rb4 Rc3 22.Rb3 Rc4
23.Rb4 Rc3 24.Rb3  1/2-1/2

[Event "Pamplona"]
[Site "Pamplona"]
[Date "1991.??.??"]
[Round "8"]
[White "Chernin, Alexander"]
[Black "Ehlvest, Jaan"]
[Result "1/2-1/2"]
[WhiteElo "2605"]
[BlackElo "2605"]

1.d4 Nf6 2.c4 g6 3.Nc3 d5 4.cxd5 Nxd5 5.e4 Nxc3 6.bxc3 Bg7 7.Nf3 c5 8.Rb1 O-O
9.Be2 b6 10.O-O Bb7 11.Qd3 Ba6 12.Qe3 cxd4 13.cxd4 Qd7 14.Ba3 Rc8 15.Rfc1 Bxe2
16.Rxc8+ Qxc8 17.Qxe2 Qa6 18.Qxa6 Nxa6 19.Rc1 Kf8  1/2-1/2

[Event "CSR-chJ"]
[Site "Pardubice"]
[Date "1991.??.??"]
[Round "?"]
[White "Cech, Pavel"]
[Black "Pribyl, Martin"]
[Result "1/2-1/2"]
[WhiteElo "2315"]
[BlackElo "2315"]

1.d4 Nf6 2.c4 g6 3.Nc3 d5 4.cxd5 Nxd5 5.e4 Nxc3 6.bxc3 Bg7 7.Nf3 c5 8.Rb1 O-O
9.Be2 Nc6 10.d5 Ne5 11.Nxe5 Bxe5 12.Qd2 e6 13.f4 Bg7 14.c4 exd5 15.cxd5 Bd4
16.Bb2 Qh4+ 17.g3 Qe7 18.Bf3 Bf5 19.Bxd4 Bxe4 20.O-O Bxf3 21.Rxf3 cxd4 22.Qxd4 b6
23.d6 Qe6 24.f5 Qxa2 25.Rbf1 b5 26.Rf4 a5 27.fxg6 hxg6 28.Rh4 f6 29.Rxf6 Qb1+
30.Kg2 Qc2+ 31.Kg1 Qb1+ 32.Kg2 Qc2+  1/2-1/2

[Event "Philadelphia World op"]
[Site "Philadelphia"]
[Date "1991.??.??"]
[Round "6"]
[White "Iashvili, Akaki"]
[Black "Roll, Craig"]
[Result "1-0"]
[WhiteElo "2465"]
[BlackElo "2230"]

1.d4 Nf6 2.c4 g6 3.Nc3 d5 4.cxd5 Nxd5 5.e4 Nxc3 6.bxc3 Bg7 7.Nf3 c5 8.Rb1 cxd4
9.cxd4 Qa5+ 10.Qd2 Qxd2+ 11.Bxd2 O-O 12.Be2 b6 13.O-O e6 14.Rfc1 Bb7 15.Bb4 Rd8
16.Bb5 Bxe4 17.Be7 Bxb1 18.Bxd8 Be4 19.Bg5 Bb7 20.Rc7 Ba6 21.Be8 f6 22.Bf7+ Kh8
23.Bf4 g5 24.Bd6 g4 25.Nd2 Nc6 26.Rxc6 Rd8 27.Bf4 Bb5 28.Rxe6 Rc8 29.h3  1-0

[Event "Philadelphia World op"]
[Site "Philadelphia"]
[Date "1991.??.??"]
[Round "6"]
[White "Olafsson, Helgi"]
[Black "Kudrin, Sergey"]
[Result "1/2-1/2"]
[WhiteElo "2525"]
[BlackElo "2530"]

1.d4 Nf6 2.c4 g6 3.Nc3 d5 4.cxd5 Nxd5 5.e4 Nxc3 6.bxc3 Bg7 7.Be3 c5 8.Qd2 Qa5
9.Rc1 cxd4 10.cxd4 Qxd2+ 11.Kxd2 O-O 12.Nf3 Nc6 13.Bb5 Rd8 14.Bxc6 bxc6 15.Rc5 f5
16.Rhc1 Be6 17.Ne5 fxe4 18.Bf4 Rxd4+ 19.Ke3 Ra4 20.Rxc6 Ra3+ 21.R1c3 Rxc3+
22.Rxc3 Bxa2 23.Ra3 Bxe5 24.Bxe5 Bc4 25.Ra5 a6  1/2-1/2

[Event "Polanica Zdroj op"]
[Site "Polanica Zdroj"]
[Date "1991.??.??"]
[Round "?"]
[White "Piesina, Gintautas"]
[Black "Malisauskas, Vidmantas"]
[Result "0-1"]
[WhiteElo "2405"]
[BlackElo "2505"]

1.d4 Nf6 2.c4 g6 3.Nc3 d5 4.cxd5 Nxd5 5.e4 Nxc3 6.bxc3 Bg7 7.Be3 c5 8.Qd2 cxd4
9.cxd4 O-O 10.Nf3 b6 11.Rd1 Ba6 12.Bxa6 Nxa6 13.Bh6 Qd6 14.O-O Qb4 15.Qf4 Rac8
16.Qh4 f6 17.Rfe1 Rc4 18.Qh3 Bxh6 19.Qxh6 Nc7 20.h4 Ne6 21.Qe3 Rc3 22.Qd2 Qc4
23.e5 Rc2 24.Qe3 Ng7 25.exf6 exf6 26.d5 Nf5 27.Qe6+ Kg7 28.d6 Qxe6 29.Rxe6 Kf7
30.Re4 h5 31.g4 hxg4 32.Rxg4 Rd8 33.d7 Rc7 34.h5 g5 35.Nxg5+ fxg5 36.Rxg5 Ne7
37.Rd3 Rcxd7 38.Rf3+ Ke6 39.h6 Rg8 40.Re3+ Kf6 41.f4 Rh8 42.Rh5 Nf5 43.Rc3 Rxh6
44.Rc6+ Kg7 45.Rhxh6 Nxh6 46.a4 Rf7 47.a5 b5 48.a6 Rxf4 49.Rc7+ Rf7 50.Rb7 Kg6
51.Rxb5 Rf6 52.Ra5 Kf7 53.Kg2 Ke7 54.Kg3 Kd7 55.Kh4 Nf7 56.Kg4 Kc7 57.Rb5 Rxa6  0-1

[Event "Prague mJ"]
[Site "Prague"]
[Date "1991.??.??"]
[Round "?"]
[White "Kobese, Watu"]
[Black "Pribyl, Martin"]
[Result "1/2-1/2"]
[WhiteElo "2275"]
[BlackElo "2315"]

1.d4 Nf6 2.c4 g6 3.Nc3 d5 4.cxd5 Nxd5 5.e4 Nxc3 6.bxc3 Bg7 7.Bc4 c5 8.Ne2 Nc6
9.Be3 O-O 10.Rb1 Bg4 11.f3 Na5 12.Bd3 Bd7 13.Qd2 Rc8 14.h4 e5 15.d5 f5 16.Bg5 Qe8
17.h5 f4 18.c4 b6 19.d6 Nc6 20.Nc3 Qe6 21.Nd5 Qxd6 22.Bc2 Qe6 23.Ba4 Rf7
24.hxg6 hxg6 25.Qf2 Nb4 26.Rxb4 cxb4 27.Bb3 Rc5 28.Qh4 Rxd5 29.cxd5 Qd6 30.Qh7+ Kf8
31.Bh6 Bxh6 32.Qh8+ Ke7 33.Rxh6 a5 34.Qg8 Rf8 35.Qg7+ Rf7 36.Qg8 Rf8 37.Qg7+ Rf7
38.Qg8 Rf8  1/2-1/2

[Event "Bohemians"]
[Site "Prague"]
[Date "1991.??.??"]
[Round "9"]
[White "Danner, Georg"]
[Black "Konopka, Michal"]
[Result "1/2-1/2"]
[WhiteElo "2360"]
[BlackElo "2390"]

1.d4 Nf6 2.c4 g6 3.Nc3 d5 4.cxd5 Nxd5 5.e4 Nxc3 6.bxc3 Bg7 7.Be3 c5 8.Qd2 O-O
9.Nf3 Nd7 10.Bd3 Nf6 11.h3 cxd4 12.cxd4 b6 13.Bh6 Bb7 14.Bxg7 Kxg7 15.Qe3 Rc8
16.O-O e6 17.Rac1 Qe7 18.Qf4 Rxc1 19.Rxc1 Rc8 20.Rxc8 Bxc8 21.Qb8 Qa3 22.Qxc8 Qxd3
23.Qc7 Qb1+ 24.Kh2 Qxe4 25.Ng5 Qf5 26.Qxf7+ Kh6 27.h4 Qf4+ 28.Kg1 Qc1+ 29.Kh2 Qf4+
30.Kg1 Qc1+  1/2-1/2

[Event "JUG-Cup final"]
[Site "Pula"]
[Date "1991.??.??"]
[Round "3"]
[White "Bukic, Enver"]
[Black "Boric, Muhamed"]
[Result "1/2-1/2"]
[WhiteElo "2440"]
[BlackElo "2345"]

1.d4 Nf6 2.c4 g6 3.Nc3 d5 4.cxd5 Nxd5 5.e4 Nxc3 6.bxc3 Bg7 7.Be3 c5 8.Qd2 cxd4
9.cxd4 Nc6 10.Rd1 Qa5 11.Qxa5 Nxa5 12.Nf3 O-O 13.Be2 Bd7 14.Rc1 Rfc8 15.Kd2 f5
16.Rxc8+ Rxc8 17.exf5 Bxf5 18.Rc1 Rxc1 19.Kxc1 Be6 20.Kb2 Nc4+  1/2-1/2

[Event "Reno op"]
[Site "Reno"]
[Date "1991.??.??"]
[Round "?"]
[White "Ftacnik, Lubomir"]
[Black "Kudrin, Sergey"]
[Result "0-1"]
[WhiteElo "2590"]
[BlackElo "2510"]

1.d4 Nf6 2.c4 g6 3.Nc3 d5 4.cxd5 Nxd5 5.e4 Nxc3 6.bxc3 Bg7 7.Bc4 c5 8.Ne2 O-O
9.O-O Nc6 10.Be3 Bg4 11.f3 Na5 12.Bxf7+ Rxf7 13.fxg4 Rxf1+ 14.Kxf1 cxd4 15.cxd4 e5
16.d5 Nc4 17.Bf2 Qf6 18.Kg1 Rf8 19.Qe1 Bh6 20.Ng3 Qa6 21.Kh1 Qa4 22.Qe2 b6
23.h4 Rf4 24.Be1 Bf8 25.Rc1 b5 26.Rc3 Be7 27.h5 Qa6 28.hxg6 hxg6 29.Nf5 gxf5
30.gxf5 Qh6+ 31.Rh3 Qg5 32.d6 Bxd6 33.Qd3 Kg7 34.Bd2 Nxd2 35.Qxd6 Rf1+ 36.Kh2 Qf4+
37.Rg3+ Qxg3+  0-1

[Event "Reno op"]
[Site "Reno"]
[Date "1991.??.??"]
[Round "?"]
[White "Kotlyar, Gregory"]
[Black "Ftacnik, Lubomir"]
[Result "0-1"]
[WhiteElo "2275"]
[BlackElo "2590"]

1.d4 Nf6 2.c4 g6 3.Nc3 d5 4.cxd5 Nxd5 5.e4 Nxc3 6.bxc3 Bg7 7.Be3 c5 8.Qd2 Qa5
9.Rc1 cxd4 10.cxd4 Qxd2+ 11.Kxd2 O-O 12.Nf3 Rd8 13.Rc7 Nc6 14.d5 e6 15.Bg5 f6
16.Kc1 exd5 17.exd5 Nb4 18.Bc4 b5 19.Bb3 fxg5 20.d6+ Kh8 21.Nxg5 Nd3+ 22.Kb1 Ne5
23.f4 Nc4 24.Nf7+ Kg8 25.Bxc4 bxc4 26.Nxd8 Bf5+ 27.Kc1 Rxd8 28.Rxc4 Bf8 29.Rc7 a5
30.Ra7 Bxd6 31.Rxa5 Rc8+ 32.Kb2 Rb8+  0-1

[Event "Rimavska Sobota"]
[Site "Rimavska Sobota"]
[Date "1991.??.??"]
[Round "2"]
[White "Lutz, Christopher"]
[Black "Gross, Stefan"]
[Result "1-0"]
[WhiteElo "2500"]
[BlackElo "2435"]

1.d4 Nf6 2.c4 g6 3.Nc3 d5 4.cxd5 Nxd5 5.e4 Nxc3 6.bxc3 Bg7 7.Bc4 O-O 8.Be3 Nc6
9.Nf3 Na5 10.Be2 c5 11.O-O b6 12.Rc1 Qc7 13.Qd2 Rd8 14.Bf4 e5 15.Bg5 f6 16.Be3 Qe7
17.Qb2 exd4 18.cxd4 cxd4 19.Bxd4 Bb7 20.Rfe1 Rac8 21.Rxc8 Rxc8 22.e5 f5 23.e6 Bd5
24.Ba6 Re8 25.Bb5 Nc6 26.Bxg7 Qxg7 27.Qd2 Be4 28.Qd7 Qxd7 29.exd7 Rd8 30.Ng5 a6
31.Rxe4 Rxd7 32.Bc4+ Kg7 33.Re1 b5 34.Bb3 Na5 35.Ne6+ Kf6 36.Nc5 Rd6 37.h3 Nc4
38.Bxc4  1-0

[Event "Rome op"]
[Site "Rome"]
[Date "1991.??.??"]
[Round "2"]
[White "Peter, Ambrus"]
[Black "Castelfranchi, Carlo"]
[Result "0-1"]
[WhiteElo "2250"]
[BlackElo "2215"]

1.d4 Nf6 2.c4 g6 3.Nc3 d5 4.cxd5 Nxd5 5.e4 Nxc3 6.bxc3 Bg7 7.Bc4 c5 8.Ne2 Nc6
9.Be3 O-O 10.O-O Qc7 11.Rc1 Rd8 12.Qd2 Qa5 13.Rfd1 Bd7 14.Qb2 a6 15.Qxb7 Qa4
16.Qb3 Na5 17.Bxf7+ Kf8 18.Qxa4 Bxa4 19.Bb3 Nxb3 20.axb3 Bxb3 21.Rd2 Bc4
22.Nf4 e5 23.dxe5 Rxd2 24.Bxd2 Bxe5 25.Nd5 Rd8 26.Bg5 Rb8 27.Be7+ Ke8 28.Bf6 Bd6
29.g3 Kf7 30.e5 Bxe5 31.Bg5 Bd3 32.f3 a5 33.Bf4 Bxf4 34.Nxf4 Bb1 35.Rd1 Rb7
36.Rd5 Rc7 37.Rd8 Ra7 38.Rh8 Kf6 39.Rb8 Ba2 40.Nd3 a4 41.Rb6+ Ke7 42.Rb2 Bc4
43.Nc1 a3 44.Rb1 a2 45.Ra1 Ra3 46.Kf2 Rxc3 47.f4 Rc2+ 48.Kg1 Rb2  0-1

[Event "San Francisco"]
[Site "San Francisco"]
[Date "1991.??.??"]
[Round "1"]
[White "Browne, Walter S"]
[Black "Wolff, Patrick G"]
[Result "1/2-1/2"]
[WhiteElo "2500"]
[BlackElo "2520"]

1.d4 Nf6 2.c4 g6 3.Nc3 d5 4.cxd5 Nxd5 5.e4 Nxc3 6.bxc3 Bg7 7.Bc4 c5 8.Ne2 Nc6
9.Be3 O-O 10.O-O Bg4 11.f3 Na5 12.Bd3 cxd4 13.cxd4 Be6 14.Qa4 a6 15.d5 b5
16.Qb4 Nc6 17.Qc5 Bxa1 18.Rxa1 Ne5 19.Bh6 Bd7 20.Qd4 f6 21.Bxf8 Kxf8 22.f4 Nxd3
23.Qxd3 Rc8 24.Qe3 Rc4 25.h3 Qa5 26.e5 Qb4 27.Rd1 Re4 28.Qf3 Qc4 29.Rd2 Qc5+
30.Kh2 Re3 31.Qf1 Bf5 32.exf6 exf6 33.Qg1 Qa3 34.Qf1 Qb4 35.Qd1 Qd6 36.Rd4 Qc5
37.Ng3 Bd7  1/2-1/2

[Event "San Francisco"]
[Site "San Francisco"]
[Date "1991.??.??"]
[Round "10"]
[White "Polgar, Zsuzsa"]
[Black "Wolff, Patrick G"]
[Result "0-1"]
[WhiteElo "2510"]
[BlackElo "2520"]

1.d4 Nf6 2.c4 g6 3.Nc3 d5 4.cxd5 Nxd5 5.e4 Nxc3 6.bxc3 Bg7 7.Bc4 c5 8.Ne2 Nc6
9.Be3 O-O 10.O-O Bg4 11.f3 Na5 12.Bxf7+ Rxf7 13.fxg4 Rxf1+ 14.Kxf1 Qd6 15.e5 Qd5
16.Bf2 Rd8 17.Qc2 Qc4 18.Qb2 Rf8 19.Kg1 Qd3 20.Ng3 Bh6 21.Qe2 Qxc3 22.Rd1 cxd4
23.Bxd4 Qc4 24.Bxa7 Qxe2 25.Nxe2 Nc6 26.Bc5 Ra8 27.Nc3 Ra5 28.Bb6 Ra3 29.Nd5 Rxa2
30.Re1 Bg7 31.e6 Rd2 32.Nc7 Be5 33.Re4 Rd1+ 34.Kf2 Rb1 35.Na8 Bxh2 36.Bc7 Bg1+
37.Ke2 Rb2+ 38.Kf1 Bd4 39.Bf4 Rf2+ 40.Ke1 Rxg2 41.Bh6 Rh2 42.Bg5 Ra2 43.Nc7 Ra5
44.Bh6 Be5 45.Bf4 Bxf4 46.Rxf4 Rc5 47.Kf2 Ne5  0-1

[Event "Santa Clara"]
[Site "Santa Clara"]
[Date "1991.??.??"]
[Round "12"]
[White "Vilela, Jose Luis"]
[Black "Garcia Martinez, Silvino"]
[Result "1-0"]
[WhiteElo "2440"]
[BlackElo "2425"]

1.d4 Nf6 2.c4 g6 3.Nc3 d5 4.cxd5 Nxd5 5.e4 Nxc3 6.bxc3 Bg7 7.Be3 O-O 8.Nf3 c5
9.Qd2 cxd4 10.cxd4 Nc6 11.Rc1 e5 12.d5 Nd4 13.Nxe5 Bxe5 14.Bxd4 Bxd4 15.Qxd4 Re8
16.f3 Qa5+ 17.Kf2 Qxa2+ 18.Be2 Qa5 19.Ra1 Qd8 20.Rhb1 a5 21.Kg1 h5 22.Bb5 Bd7
23.h3 h4 24.Bxd7 Qxd7 25.Qb6 Rec8 26.Rxa5 Rxa5 27.Qxa5 Rc2 28.Qa8+ Rc8 29.Qa7 Qd6
30.Qxb7 Rc7 31.Qb8+ Kh7 32.Qb2 Qf4 33.Rd1 Rd7 34.Qd2 Qe5 35.Qd4 Qg3 36.Qf2 Qf4
37.Qd2 Qe5 38.d6 g5 39.Qd5 Qf4 40.e5 Qf5 41.Qe4 Kg6 42.Kf2  1-0

[Event "Schoeneck"]
[Site "Schoeneck"]
[Date "1991.??.??"]
[Round "9"]
[White "Alber, Horst"]
[Black "Schaefer, Michael"]
[Result "1-0"]
[WhiteElo "2345"]
[BlackElo "2270"]

1.d4 Nf6 2.c4 g6 3.Nc3 d5 4.cxd5 Nxd5 5.e4 Nxc3 6.bxc3 Bg7 7.Nf3 c5 8.Bb5+ Nc6
9.O-O O-O 10.d5 Ne5 11.Nxe5 Bxe5 12.Bh6 Bxc3 13.Rc1 Bd4 14.Qe2 a6 15.Bxf8 Kxf8
16.Bd3 b5 17.Kh1 Kg7 18.Rcd1 Qb6 19.f4 Bd7 20.e5 f6 21.h4 Be8 22.g4 Rd8 23.Be4 b4
24.Qf3 Bb5 25.Rfe1 a5 26.Kg2 a4 27.d6 fxe5 28.dxe7 Re8 29.f5 Rxe7 30.fxg6 hxg6
31.Rf1 Bxf1+ 32.Rxf1 Qe6 33.Bd5 Qd6 34.Qf8+ Kh7 35.Bg8+ Kh8 36.Qh6+ Kxg8
37.Rf8+  1-0

[Event "Sheffield op"]
[Site "Sheffield"]
[Date "1991.??.??"]
[Round "?"]
[White "Pein, Malcolm"]
[Black "Knox, David"]
[Result "1-0"]
[WhiteElo "2440"]
[BlackElo "2210"]

1.d4 Nf6 2.c4 g6 3.Nc3 d5 4.cxd5 Nxd5 5.e4 Nxc3 6.bxc3 Bg7 7.Nf3 c5 8.Rb1 O-O
9.Be2 Nc6 10.d5 Ne5 11.Nxe5 Bxe5 12.Qd2 e6 13.f4 exd5 14.fxe5 Qh4+ 15.Kd1 Qxe4
16.Qd3 Qxe5 17.Qe3 Qxe3 18.Bxe3 b6 19.Bf3 Bf5 20.Rb2 Rad8 21.Rd2 Be4 22.Ke2 f5
23.Bg5 Rde8 24.Bxe4 Rxe4+ 25.Kf2 Rfe8 26.Rxd5 Re2+ 27.Kf3 Rxa2 28.Rhd1 Ra3
29.Bf6 Kf7 30.Be5 Re7 31.h4 h6 32.Bh8 Ra4 33.h5 Rae4 34.hxg6+ Kxg6 35.Rd6+ Kh7
36.Bf6 R7e6 37.Rxe6 Rxe6 38.Rd7+ Kg6 39.Bd8 a6 40.Ra7 b5 41.Be7 Rc6 42.Kf4 b4
43.c4 b3 44.Rb7 Re6 45.Bf8 Re4+ 46.Kf3 Rxc4 47.Rxb3 h5 48.Ra3 Kf7 49.Bh6 Ke6
50.Rxa6+ Kd5 51.Be3 Rc2 52.Rh6 c4 53.Rxh5  1-0

[Event "Belavenets mem op"]
[Site "Smolensk"]
[Date "1991.??.??"]
[Round "?"]
[White "Zakharevich, Igor"]
[Black "Neverov, Valeriy"]
[Result "1/2-1/2"]
[WhiteElo "2335"]
[BlackElo "2540"]

1.d4 Nf6 2.c4 g6 3.Nc3 d5 4.cxd5 Nxd5 5.e4 Nxc3 6.bxc3 Bg7 7.Be3 c5 8.Qd2 cxd4
9.cxd4 Nc6 10.Rd1 O-O 11.Nf3 Bg4 12.Be2 Rc8 13.O-O Qd7 14.h3 Bxf3 15.Bxf3 Rfd8
16.e5 e6 17.Qb2 Rc7 18.Kh1 Rdc8 19.Qb1 Ne7 20.Be4 Nd5 21.Bxd5 Qxd5 22.Rc1 Bf8
23.Rxc7 Rxc7 24.a4 a6 25.Rc1 Rc6 26.Rxc6 Qxc6 27.a5 h5 28.Kh2 Be7 29.Qb3 Kf8
30.Bd2 Ke8 31.Qe3 Qd5 32.Qf4 Bd8 33.Bb4 Bxa5 34.Bc5 Bd8 35.Qh6 Be7 36.Qh8+ Kd7
37.Bxe7 Kxe7 38.Qf6+ Ke8 39.Qh8+ Kd7 40.Qf8 a5 41.Qxf7+ Kd8 42.Qxg6 a4 43.Qf6+ Kc7
44.Qe7+ Kb6 45.Qb4+ Qb5 46.Qd6+ Ka7 47.d5 Qc4 48.dxe6  1/2-1/2